00442nam a22001577a 4500003000400000020001800004020001500022082001800037100001900055245010700074250000600181260005900187300001000246546001200256650001600268OSt a9789352602735 a9352602730 a001.2bSUR/UG aSurender Singh aUGC (University Grants commission) NET/SET (National Eligibility Test/State Eligibility Test)bpaper I a2 aChennaibMcGraw Hill Education (India) Pvt. Ltd.c2017 a455p. aEnglish aUGC NET/SET